| 000 | 00502cam a2200193ua 4500 | ||
|---|---|---|---|
| 001 | 1186 | ||
| 005 | 20260515113309.0 | ||
| 008 | 110613n ii |||gr||||Z||||||asm | ||
| 040 | _cMAIN | ||
| 082 | _a330.954 | ||
| 245 | 1 | 0 |
_aBharatiya arthaniti : _beyar paribardhit rup / _cby Pranab Kumar Dhar |
| 250 | _a1st ed. | ||
| 260 |
_aLudhiana: _bKalyani,994. |
||
| 300 |
_axx, 535p.: _c25cm. |
||
| 653 | _aEconomics | ||
| 653 | _aIndian economy | ||
| 700 | 1 |
_aDhar, Pranab Kumar, _eAuthor. |
|
| 942 | _cBK | ||
| 999 |
_c1096 _d1096 |
||